Construction and real estate dynamics (Record no. 103068)

MARC details
000 -LEADER
fixed length control field 02069cam a2200505 4500
008 - FIXED-LENGTH DATA ELEMENTS--GENERAL INFORMATION
fixed length control field 030915n2003 000 0 eng u
020 ## - INTERNATIONAL STANDARD BOOK NUMBER
International Standard Book Number 1403915458
035 ## - SYSTEM CONTROL NUMBER
System control number (Sirsi) u123597
041 ## - LANGUAGE CODE
Language code of text/sound track or separate title eng
050 ## - LIBRARY OF CONGRESS CALL NUMBER
Classification number 333.33
-- 21
050 ## - LIBRARY OF CONGRESS CALL NUMBER
Classification number 338.4369
-- 18
245 ## - TITLE STATEMENT
Title Construction and real estate dynamics
260 ## - PUBLICATION, DISTRIBUTION, ETC.
Place of publication, distribution, etc. Basingstoke
Name of publisher, distributor, etc. Palgrave Macmillan
Date of publication, distribution, etc. 2003
300 ## - PHYSICAL DESCRIPTION
Extent vii, 142p.
Dimensions 23cm.
350 ## - PRICE (NR) (BK AM CF MU VM SE) [OBSOLETE]
Price 50
490 ## - SERIES STATEMENT
Series statement Palgrave Macmillan Applied Econometrics Association Series
505 ## - FORMATTED CONTENTS NOTE
Formatted contents note Diversification as a strategy for minimising fluctuations in construction firm turnovers.
505 ## - FORMATTED CONTENTS NOTE
Formatted contents note The 1985-95 cycle in real estate markets: bubble or shock?
505 ## - FORMATTED CONTENTS NOTE
Formatted contents note Estimating construction demand in Sinagpore: potential of neural networks.
505 ## - FORMATTED CONTENTS NOTE
Formatted contents note Lump-sum moving cost.
505 ## - FORMATTED CONTENTS NOTE
Formatted contents note Rent growth control and the transition of land to urban use.
520 ## - SUMMARY, ETC.
Summary, etc. This collection of essays deals with a number of questions related to construction and real estate: how construction firms cope with the volatility of construction; whether speculative bubbles or market fundamentals drive those fluctuations; how new techniques can predict construction demand; why the office market led to the recent real estate cycle; and whether regulation is responsible for speculative behaviour. References.
650 ## - SUBJECT ADDED ENTRY--TOPICAL TERM
Topical term or geographic name entry element REAL ESTATE
650 ## - SUBJECT ADDED ENTRY--TOPICAL TERM
Topical term or geographic name entry element SINGAPORE
650 ## - SUBJECT ADDED ENTRY--TOPICAL TERM
Topical term or geographic name entry element CONSTRUCTION MARKET
650 ## - SUBJECT ADDED ENTRY--TOPICAL TERM
Topical term or geographic name entry element PROPERTY-COMMERCIAL PROPERTY-OFFICE PROPERTY-OFFICE PROPERTY MARKET
650 ## - SUBJECT ADDED ENTRY--TOPICAL TERM
Topical term or geographic name entry element CONSTRUCTION INDUSTRY
650 ## - SUBJECT ADDED ENTRY--TOPICAL TERM
Topical term or geographic name entry element EUROPE
650 ## - SUBJECT ADDED ENTRY--TOPICAL TERM
Topical term or geographic name entry element CONSTRUCTION ECONOMICS
650 ## - SUBJECT ADDED ENTRY--TOPICAL TERM
Topical term or geographic name entry element PARIS
650 ## - SUBJECT ADDED ENTRY--TOPICAL TERM
Topical term or geographic name entry element FRANCE
650 ## - SUBJECT ADDED ENTRY--TOPICAL TERM
Topical term or geographic name entry element HOLLAND
690 ## - LOCAL SUBJECT ADDED ENTRY--TOPICAL TERM (OCLC, RLIN)
Topical term or geographic name as entry element BUILDING AND CONSTRUCTION-ECONOMICS
700 ## - ADDED ENTRY--PERSONAL NAME
Personal name Thalmann, Philippe
International Standard Serial Number Editor
700 ## - ADDED ENTRY--PERSONAL NAME
Personal name Zarin-Nejadan, Milad
International Standard Serial Number Editor
700 ## - ADDED ENTRY--PERSONAL NAME
Personal name Ball, Michael
700 ## - ADDED ENTRY--PERSONAL NAME
Personal name Antonioni, Peter
700 ## - ADDED ENTRY--PERSONAL NAME
Personal name Cornuel, David
700 ## - ADDED ENTRY--PERSONAL NAME
Personal name Calcoen, Francis
700 ## - ADDED ENTRY--PERSONAL NAME
Personal name Tan, Freddie
700 ## - ADDED ENTRY--PERSONAL NAME
Personal name Ofori, George
700 ## - ADDED ENTRY--PERSONAL NAME
Personal name Romijn, Gerbert
700 ## - ADDED ENTRY--PERSONAL NAME
Personal name McFarlane, Alastair
942 ## - ADDED ENTRY ELEMENTS (KOHA)
Suppress in OPAC 0
Holdings
Withdrawn status Lost status Source of classification or shelving scheme Damaged status Not for loan Home library Current library Shelving location Date acquired Cost, normal purchase price Total Checkouts Full call number Barcode Date last seen Date last checked out Copy number Cost, replacement price Price effective from Koha item type
    Other/Generic Classification Scheme     London London Books 26/09/2003 50.00 8 338.4369 THA 30067784 06/08/2019 05/03/2009 1 50.00 06/08/2019 Book